| 000 | 01446cam a22003615i 4500 | ||
|---|---|---|---|
| 001 | 017112043 | ||
| 003 | EG-ScBUE | ||
| 005 | 20250227091635.0 | ||
| 008 | 141211t2015 njua f b 001 0 eng d | ||
| 020 | _a9781118745113 (hbk.) | ||
| 040 |
_aEG-ScBUE _beng _erda _cEG-ScBUE _dEG-ScBUE |
||
| 082 | 0 | 4 |
_a519.55 _bMON _222 |
| 100 | 1 |
_aMontgomery, Douglas C., _eauthor. _920592 |
|
| 245 | 1 | 0 |
_aIntroduction to time series analysis and forecasting / _cDouglas C. Montgomery, Arizona State University, Tempe, Arizona, USA, Cheryl L. Jennings, Arizona State University, Tempe, Arizona, USA, Murat Kulahci, Technical University of Denmark, Lyngby, Denmark and LuleƄ University of Technology, LuleƄ, Sweden. |
| 250 | _aSecond edition. | ||
| 264 | 1 |
_aHoboken, New Jersey ; _bJohn Wily & Sons, _c[2015] |
|
| 264 | 4 | _cc2015 | |
| 300 |
_axiv, 643 pages : _billustrations ; _c25 cm. |
||
| 336 |
_2rdacontent _atext _btxt |
||
| 337 |
_aunmediated _2rdamedia _bn |
||
| 338 |
_avolume _bnc _2rdacarrier |
||
| 490 | 0 | _aWiley series in probability and statistics | |
| 500 | _aPrevious edition : 2008. | ||
| 500 | _aIncludes appendix. | ||
| 504 | _aIncludes bibliographical references and index. | ||
| 650 | 7 |
_aTime-series analysis. _2BUEsh |
|
| 650 | 7 |
_aForecasting. _2BUEsh |
|
| 653 |
_bBUSECO _cOctober2015 |
||
| 655 |
_vReading book _934232 |
||
| 700 | 1 |
_aJennings, Cheryl L., _eauthor. |
|
| 700 | 1 |
_aKulahci, Murat, _eauthor. |
|
| 942 |
_2ddc _cBB |
||
| 999 |
_c20959 _d20931 |
||